| 000 | 00645nam a22001937a 4500 | ||
|---|---|---|---|
| 999 |
_c166474 _d166474 |
||
| 005 | 20190724163802.0 | ||
| 010 | _aUR-10277 | ||
| 020 |
_c300.00 _a9789388356572 |
||
| 035 | _aU-8832 | ||
| 037 | _bDBAD/PUB | ||
| 082 | _a844 | ||
| 100 | _aا ر ما ن نجمی | ||
| 245 |
_aد بستا ں کھل گیا _cا ر ما ن نجمی |
||
| 246 |
_bDabistan Khul Gaya (Urdu) _aby Arman Najmi |
||
| 260 |
_a Delhi _bEducational Publishing House _c2018 ء |
||
| 270 |
_a3191،Vakil Street,Kucha Pandit,Lal Kuan, _bDelhi _e110006 _k23216162 _l00911123211540 |
||
| 300 |
_a288 ص _c22 Cm(Hb) |
||
| 942 |
_2ddc _cUR _h844 _mا ر م |
||